000 00649nam a2200241Ia 4500
003 OSt
005 20221007074405.0
006 a|||||r|||| 00| 0
007 ta
008 221006b |||||||| |||| 00| 0 eng d
024 _a32,670
037 _cTextual
040 _aFLL
_cFLL
_beng
041 _2eng
_aeng
082 _aZ2,93, P9
100 _aHarpreet Kaur
_9311770
245 0 _aIntroduction to the interpretation of statutes
250 _a3rd
260 _aNagpur
_bLexisNexis Butterworths Wadhwa India
_c2009
300 _aliv,463p
_ccm.
942 _hZ2,93, P9
_cTEXL
_2CC
999 _c1152180
_d1152180